[Event "Sant Adria de Besos op 12th"]
[Site "Sant Adria de Besos"]
[Date "2016.04.10"]
[Round "1"]
[White "Menbrive Hernandez, Juan"]
[Black "Bertran Milia, Eduard"]
[Result "0-1"]
[WhiteElo "1673"]
[BlackElo "1946"]
[PlyCount "100"]
[EventDate "2016.04.10"]
[EventType "swiss"]
[EventRounds "9"]
[EventCountry "ESP"]
[SourceTitle "EXT 2017"]
[Source "ChessBase"]
[SourceDate "2016.10.25"]
[SourceVersion "1"]
[SourceVersionDate "2016.10.25"]
[SourceQuality "1"]

1. e4 c5 2. c3 d5 3. e5 d4 4. cxd4 cxd4 5. Nf3 Nc6 6. Bd3 Bg4 7. h3 Bxf3 8. Qxf3 Nxe5 9. Qe4 Nxd3+ 10. Qxd3 Nf6 11. Qf3 Qc7 12. 0-0 e6 13. d3 Be7 14. Re1 0-0 15. Bf4 Qb6 16. b3 Rac8 17. Nd2 Nd5 18. Nc4 Qd8 19. Bd2 b5 20. Ne5 Rc2 21. Red1 Qc7 22. Qg3 Bd6 23. f4 Rc8 24. Qe1 Qe7 25. Rac1 Bxe5 26. Rxc2 Rxc2 27. Qxe5 Qc7 28. Qxd4 Rxd2 29. Re1 Qb6 30. Qxb6 Nxb6 31. f5 Rxd3 32. fxe6 fxe6 33. Rxe6 Kf7 34. Rc6 Rd7 35. Rc5 b4 36. g4 Nd5 37. Kf2 Nc3 38. Re5 Rd2+ 39. Ke3 Rxa2 40. Rf5+ Kg6 41. h4 h6 42. h5+ Kh7 43. Kd4 Re2 44. Ra5 Ra2 45. Rf5 a5 46. g5 Rd2+ 47. Ke3 Rd5 48. g6+ Kg8 49. Rf7 Rxh5 50. Rc7 Nd5+ 0-1

[Event "Barcelona Primavera La Lira op 7th"]
[Site "Barcelona"]
[Date "2014.06.19"]
[Round "9"]
[White "Bertran Milia, Eduard"]
[Black "Serentill Tost, Eduard"]
[Result "1-0"]
[WhiteElo "1759"]
[BlackElo "1618"]
[PlyCount "35"]
[EventDate "2014.04.03"]
[EventType "swiss"]
[EventRounds "9"]
[EventCountry "ESP"]
[SourceTitle "EXT 2015"]
[Source "ChessBase"]
[SourceDate "2014.11.20"]
[SourceVersion "1"]
[SourceVersionDate "2014.11.20"]
[SourceQuality "1"]

1. e4 e6 2. d4 d5 3. Nc3 Nf6 4. Bg5 dxe4 5. Nxe4 Be7 6. Bd3 b6 7. Qf3 c6 8. Ne2 Nxe4 9. Bxe7 Qxe7 10. Bxe4 Bb7 11. 0-0-0 f5 12. Bd3 0-0 13. Rhe1 Qd6 14. Bc4 Rf6 15. Nf4 Bc8 16. Nxe6 Bxe6 17. Rxe6 Rxe6 18. Re1 1-0

[Event "Barcelona Primavera La Lira op 7th"]
[Site "Barcelona"]
[Date "2014.04.10"]
[Round "2"]
[White "Martorell Aguado, Joan"]
[Black "Bertran Milia, Eduard"]
[Result "1-0"]
[WhiteElo "2110"]
[BlackElo "1759"]
[PlyCount "41"]
[EventDate "2014.04.03"]
[EventType "swiss"]
[EventRounds "9"]
[EventCountry "ESP"]
[SourceTitle "EXT 2015"]
[Source "ChessBase"]
[SourceDate "2014.11.20"]
[SourceVersion "1"]
[SourceVersionDate "2014.11.20"]
[SourceQuality "1"]

1. d4 Nf6 2. Nf3 e6 3. c4 d5 4. Nc3 c6 5. e3 Nbd7 6. Qc2 Be7 7. Bd3 dxc4 8. Bxc4 0-0 9. 0-0 Re8 10. a3 c5 11. dxc5 Nxc5 12. b4 Ncd7 13. Rd1 Qc7 14. Nb5 Qb8 15. Bd3 Bd8 16. Bb2 e5 17. Bc4 Be7 18. Bxf7+ Kh8 19. Bxe8 Nxe8 20. Rac1 a6 21. Nc7 1-0

[Event "Barcelona Primavera La Lira op 7th"]
[Site "Barcelona"]
[Date "2014.04.03"]
[Round "1"]
[White "Bertran Milia, Eduard"]
[Black "Guardia Cerda, Ricardo"]
[Result "1-0"]
[WhiteElo "1759"]
[BlackElo "1700"]
[PlyCount "55"]
[EventDate "2014.04.03"]
[EventType "swiss"]
[EventRounds "9"]
[EventCountry "ESP"]
[SourceTitle "EXT 2015"]
[Source "ChessBase"]
[SourceDate "2014.11.20"]
[SourceVersion "1"]
[SourceVersionDate "2014.11.20"]
[SourceQuality "1"]

1. e4 e5 2. Nf3 Nc6 3. c3 Nf6 4. d4 d6 5. Bc4 Nxe4 6. dxe5 Be7 7. exd6 Nxd6 8. Be2 0-0 9. 0-0 Be6 10. Be3 Bf6 11. Na3 a6 12. Nc2 Qe7 13. Ncd4 Bxd4 14. Nxd4 Nxd4 15. Qxd4 Nf5 16. Qc5 Qxc5 17. Bxc5 Rfe8 18. Bf3 c6 19. b3 Bd5 20. Bg4 Re5 21. f4 Ne3 22. fxe5 Nxf1 23. Rxf1 b5 24. Bf3 Rd8 25. Rd1 Re8 26. Bxd5 Rxe5 27. Bxc6 Rxc5 28. Rd8# 1-0

[Event "Llinars del Valles op-B 6th"]
[Site "Llinars del Valles"]
[Date "2012.05.26"]
[Round "7"]
[White "Perez Garcia, Adria"]
[Black "Bertran Milia, Eduard"]
[Result "1-0"]
[WhiteElo "1497"]
[BlackElo "1707"]
[PlyCount "56"]
[EventDate "2012.04.14"]
[EventType "swiss"]
[EventRounds "9"]
[EventCountry "ESP"]
[SourceTitle "EXT 2013"]
[Source "ChessBase"]
[SourceDate "2012.11.22"]
[SourceVersion "1"]
[SourceVersionDate "2012.11.22"]
[SourceQuality "1"]

1. e4 c5 2. c3 d5 3. exd5 Qxd5 4. d4 cxd4 5. cxd4 Nc6 6. Nf3 Bg4 7. Be2 Nf6 8. Nc3 Qd7 9. Be3 e6 10. 0-0 Bb4 11. Na4 b6 12. Rc1 Rc8 13. h3 Bh5 14. Bb5 Qd5 15. Bxc6+ Rxc6 16. Rxc6 Qxc6 17. g4 Nxg4 18. hxg4 Bxg4 19. Ne5 Bxd1 20. Nxc6 Bxa4 21. Nxb4 a5 22. Rc1 Kd7 23. Nd3 f6 24. d5 Bb5 25. dxe6+ Kxe6 26. Nf4+ Ke5 27. a4 Bxa4 28. Bxb6 Rb8 1-0

[Event "Llinars del Valles op-B 6th"]
[Site "Llinars del Valles"]
[Date "2012.05.12"]
[Round "5"]
[White "Las Heras Aixandri, Guillem"]
[Black "Bertran Milia, Eduard"]
[Result "0-1"]
[WhiteElo "1508"]
[BlackElo "1707"]
[PlyCount "40"]
[EventDate "2012.04.14"]
[EventType "swiss"]
[EventRounds "9"]
[EventCountry "ESP"]
[SourceTitle "EXT 2013"]
[Source "ChessBase"]
[SourceDate "2012.11.22"]
[SourceVersion "1"]
[SourceVersionDate "2012.11.22"]
[SourceQuality "1"]

1. e4 c5 2. Nf3 e6 3. d4 cxd4 4. Nxd4 Nc6 5. Nb5 d6 6. N1c3 a6 7. Na3 b5 8. Ne2 Nf6 9. Nd4 Bb7 10. f3 Be7 11. c3 0-0 12. Bd3 d5 13. Nxc6 Bxc6 14. e5 Nd7 15. f4 Nb6 16. 0-0 Nc4 17. Qh5 g6 18. Qh6 f5 19. g4 Bc5+ 20. Kh1 d4+ 0-1

[Event "Roncana op-A 5th"]
[Site "Santa Eulalia de Roncana"]
[Date "2011.10.22"]
[Round "4"]
[White "Bertran Milia, Eduard"]
[Black "Fernandez Felguera, Agustin"]
[Result "0-1"]
[WhiteElo "1689"]
[BlackElo "1659"]
[PlyCount "82"]
[EventDate "2011.10.01"]
[EventType "swiss"]
[EventRounds "8"]
[EventCountry "ESP"]
[SourceTitle "EXT 2013"]
[Source "ChessBase"]
[SourceDate "2012.11.22"]
[SourceVersion "1"]
[SourceVersionDate "2012.11.22"]
[SourceQuality "1"]

1. e4 c5 2. Nf3 d6 3. d4 cxd4 4. Nxd4 Nf6 5. Nc3 g6 6. Be3 Bg7 7. Be2 Nc6 8. f3 Bd7 9. Qd2 0-0 10. 0-0-0 a6 11. g4 b5 12. g5 Ne8 13. h4 Qa5 14. Kb1 Kh8 15. Nd5 Qd8 16. h5 Nxd4 17. Bxd4 Be6 18. hxg6 fxg6 19. Nf4 Bf7 20. Bxg7+ Kxg7 21. e5 Nc7 22. Qc3 Kg8 23. Rh6 Bxa2+ 24. Kxa2 Rxf4 25. Rdh1 dxe5 26. Qxe5 Qd5+ 27. Qxd5+ Nxd5 28. Rxh7 Raf8 29. Kb1 R4f5 30. c4 Nf4 31. Bd3 Nxd3 32. Rxe7 Rxf3 33. cxb5 axb5 34. Rhe1 Rf1 35. Rxf1 Rxf1+ 36. Kc2 Nc5 37. Re5 Rf5 38. Re8+ Kf7 39. Rb8 Ne4 40. Rb7+ Ke6 41. Kd3 Nc5+ 0-1

[Event "Roncana op-A 5th"]
[Site "Santa Eulalia de Roncana"]
[Date "2011.10.08"]
[Round "2"]
[White "Bertran Milia, Eduard"]
[Black "Canovas Pardo, Jordi"]
[Result "1/2-1/2"]
[WhiteElo "1689"]
[BlackElo "1764"]
[PlyCount "103"]
[EventDate "2011.10.01"]
[EventType "swiss"]
[EventRounds "8"]
[EventCountry "ESP"]
[SourceTitle "EXT 2013"]
[Source "ChessBase"]
[SourceDate "2012.11.22"]
[SourceVersion "1"]
[SourceVersionDate "2012.11.22"]
[SourceQuality "1"]

1. e4 d5 2. exd5 Qxd5 3. Nc3 Qa5 4. d4 Nf6 5. Bc4 e6 6. Nge2 Bd6 7. 0-0 c6 8. Bb3 Qc7 9. h3 Nbd7 10. Bg5 h6 11. Bh4 g5 12. Bg3 Nf8 13. Qd3 Bd7 14. Bxd6 Qxd6 15. Ng3 0-0-0 16. Nce4 Nxe4 17. Nxe4 Qf4 18. g3 Qc7 19. c4 f5 20. Nc3 f4 21. Ne4 e5 22. d5 Bxh3 23. Rfe1 Bf5 24. Nd6+ Qxd6 25. Qxf5+ Nd7 26. Rad1 c5 27. Ba4 fxg3 28. fxg3 e4 29. Bxd7+ Rxd7 30. Qg4 Re8 31. Re2 Kc7 32. Rde1 Rde7 33. Kg2 Qg6 34. Rd2 Kd6 35. Rf2 e3 36. Qf5 Qxf5 37. Rxf5 Kd7 38. Kf3 Re4 39. Rf7+ Kc8 40. b3 g4+ 41. Ke2 Rd4 42. Rd1 Rxd1 43. Kxd1 e2+ 44. Ke1 Re3 45. Rh7 Rxg3 46. Rxh6 Re3 47. Rh2 g3 48. Rh7 a6 49. Rg7 b6 50. Rg6 Kc7 51. Rg7+ Kc8 52. Rg8+ 1/2-1/2

[Event "Llinars del Valles op-B 5th"]
[Site "Llinars del Valles"]
[Date "2011.05.28"]
[Round "5"]
[White "Bertran Milia, Eduard"]
[Black "Garcia Pitarch, Raul"]
[Result "1-0"]
[WhiteElo "1653"]
[BlackElo "1411"]
[PlyCount "115"]
[EventDate "2011.04.30"]
[EventType "swiss"]
[EventRounds "7"]
[EventCountry "ESP"]
[SourceTitle "EXT 2012"]
[Source "ChessBase"]
[SourceDate "2011.11.24"]
[SourceVersion "1"]
[SourceVersionDate "2011.11.24"]
[SourceQuality "1"]

1. e4 c6 2. d4 d5 3. Nc3 dxe4 4. Nxe4 Bf5 5. Ng3 Bg6 6. h4 h6 7. N1e2 Nf6 8. Nf4 Bh7 9. Bc4 Nd5 10. Nd3 Nd7 11. c3 Qc7 12. Qe2 N7f6 13. Ne5 e6 14. Bd3 Bxd3 15. Qxd3 0-0-0 16. Bd2 Bd6 17. Nc4 Nf4 18. Nxd6+ Qxd6 19. Qf3 N4d5 20. 0-0-0 Rhf8 21. Rhe1 Rde8 22. Ne4 Nxe4 23. Rxe4 f5 24. Re5 Nc7 25. Bf4 Qe7 26. Qg3 Rg8 27. Re2 g5 28. hxg5 hxg5 29. Bxc7 Qxc7 30. Re5 f4 31. Qg4 Qe7 32. Rde1 Rg6 33. d5 cxd5 34. Rxd5 Rd8 35. Rxd8+ Kxd8 36. Rd1+ Ke8 37. Qh5 Qf6 38. Rd6 Ke7 39. Qd1 Ke8 40. Qa4+ Kf8 41. Qb4 Qe7 42. Rd8+ Kf7 43. Qxe7+ Kxe7 44. Rh8 e5 45. Rh7+ Kd6 46. Rxb7 e4 47. Rxa7 Re6 48. Ra6+ Ke5 49. Rxe6+ Kxe6 50. Kd2 Kd5 51. b3 g4 52. g3 Ke5 53. gxf4+ Kxf4 54. a4 e3+ 55. Ke2 exf2 56. Kxf2 Ke4 57. Kg3 Kd3 58. a5 1-0